000 00444cam a2200169ua 4500
020 _c66.00
041 _aeng
_h
082 _a005.369
_bDIE/MI
100 _aDienes, Sheila S .
245 _aMicrosoft office profressional: instant reference /
_cS.Sheila Dienes.
_hTextual Documents
260 _aNew Delhi :
_bB P B Publishers ,
_c1995.
300 _a500 ; .
365 _a66.00
504 _a
942 _cBK
999 _c9737
_d9737